[Event "BL 0607 SF Berlin - SC Bann"]
[Site "?"]
[Date "2007.03.17"]
[Round "12.6"]
[White "Schneider, Ilja"]
[Black "Bunzmann, Dimitri"]
[Result "1/2-1/2"]
[BlackElo "2530"]
[EventDate "2007.??.??"]
[PlyCount "127"]
[WhiteElo "2368"]

1. e4 e6 2. d4 d5 3. Nc3 Bb4 4. exd5 exd5 5. Bd3 Nc6 6. a3 Ba5 7. Be3 Nf6 8. Ne2 O-O 9. O-O h6 10. Ng3 Ne7 11. b4 Bb6 12. Na4 c6 13. Nxb6 axb6 14. Re1 Ng6 15. c3 Re8 16. Qc2 Nh4 17. a4 Qd6 18. f4 g6 19. Bd2 Bd7 20. Re5 Ng4 21. h3 Nxe5 22. fxe5 Qe7 23. Rf1 c5 24. Bxh6 c4 25. Qd2 cxd3 26. Bg5 f6 27. Bxh4 Qh7 28. Bxf6 Rxa4 29. Qxd3 Ra2 30. Qf3 Be6 31. h4 Rc8 32. Ne2 Rc2 33. Bg5 Qd7 34. Qf6 Qf7 35. Nf4 Qxf6 36. Bxf6 Kf7 37. Bg5 Bf5 38. Nxd5 Ke6 39. Nf4+ Kd7 40. Nd5 Ke6 41. Nf4+ Kd7 42. h5 gxh5 43. Nd5 Rxg2+ 44. Kxg2 Be4+ 45. Kh2 Bxd5 46. b5 Rxc3 47. Rf6 Rc2+ 48. Kg3 Rg2+ 49. Kh3 Rxg5 50. Rd6+ Kc7 51. Rxd5 Rg6 52. Kh4 Rh6 53. Kg5 Rh8 54. Kh4 Rh6 55. Kg3 h4+ 56. Kh3 Kc8 57. e6 Rxe6 58. Kxh4 Kc7 59. Kg4 Rd6 60. Rxd6 Kxd6 61. Kf4 Kd5 62. Ke3 Kd6 63. Ke4 Ke6 64. d5+  1/2-1/2

[Event "BL 0607 SF Berlin - SC Bann"]
[Site "?"]
[Date "2007.03.17"]
[Round "12.7"]
[White "Dolezal, Radoslav"]
[Black "Thinius, Marco"]
[Result "1-0"]
[BlackElo "2372"]
[EventDate "2007.??.??"]
[PlyCount "71"]
[WhiteElo "2422"]

1. d4 Nf6 2. Nf3 e6 3. Bg5 c5 4. e3 Be7 5. dxc5 Qa5+ 6. Nbd2 Qxc5 7. Bd3 b6 8. O-O Bb7 9. e4 d6 10. a4 Nbd7 11. a5 bxa5 12. Nb3 Qc7 13. Nxa5 Bxe4 14. Bxe4 Nxe4 15. Bxe7 Kxe7 16. Nd4 Rhe8 17. Qg4 Ndf6 18. Qxg7 Rg8 19. Qh6 Qc5 20. Nac6+ Kd7 21. f3 Rg6 22. Qh4 Nd2 23. Ra5 Qb6 24. Rb5 Qa6 25. Nb4 Qc8 26. Rd1 Nc4 27. Ndc6 a6 28. Rg5 Rxg5 29. Qxg5 a5 30. Qb5 axb4 31. Na7+ Ke7 32. Nxc8+ Rxc8 33. Qb7+ Kd8 34. Qxf7 Nd5 35. Qxe6 Nde3 36. Rxd6+  1-0

[Event "BL 0607 SF Berlin - SC Bann"]
[Site "?"]
[Date "2007.03.17"]
[Round "12.8"]
[White "Rudolf, Henrik"]
[Black "Nun, Jiri"]
[Result "1-0"]
[BlackElo "2382"]
[EventDate "2007.??.??"]
[PlyCount "93"]
[WhiteElo "2327"]

1. e4 c5 2. Nf3 Nc6 3. d4 cxd4 4. Nxd4 e5 5. Nb5 d6 6. c4 Be7 7. Bd3 h6 8. O-O a6 9. N5c3 Bg5 10. Nd2 Nf6 11. Nd5 O-O 12. b3 Nxd5 13. exd5 Ne7 14. Bb2 f5 15. Re1 Ng6 16. b4 b6 17. a4 a5 18. bxa5 bxa5 19. Ba3 Ba6 20. Nb3 e4 21. Bf1 Bf6 22. Rc1 Be5 23. Nd4 Qh4 24. g3 Qf6 25. Ne6 Rf7 26. Bg2 Bc8 27. f4 exf3 28. Qxf3 Rb8 29. c5 dxc5 30. Rxc5 f4 31. gxf4 Bxe6 32. dxe6 Bd4+ 33. Kh1 Re7 34. Rc6 Ree8 35. e7 Qh4 36. Rf1 Bf6 37. Bd6 Nxe7 38. Rc5 Bd4 39. Rh5 Qf6 40. Bxb8 Rxb8 41. Rxa5 Kh7 42. Qd3+ g6 43. Ra6 Qg7 44. Be4 Rf8 45. Rd6 Bc5 46. Rd7 Rf7 47. a5  1-0

[Event "BL 0607 SV Mülheim Nord - TV Tegernsee"]
[Site "?"]
[Date "2007.03.17"]
[Round "12.3"]
[White "Sokolov, Andrei"]
[Black "Levin, Felix"]
[Result "1/2-1/2"]
[BlackElo "2513"]
[EventDate "2007.??.??"]
[PlyCount "51"]
[WhiteElo "2580"]

1. e4 e5 2. Nf3 Nc6 3. Bb5 Nf6 4. O-O Nxe4 5. d4 Nd6 6. Bxc6 dxc6 7. dxe5 Nf5 8. Qxd8+ Kxd8 9. Nc3 Bd7 10. Bg5+ Kc8 11. Rad1 h6 12. Bc1 b6 13. a3 g5 14. Ne4 c5 15. Rfe1 Bg7 16. Nf6 Bc6 17. Nh5 Kb7 18. b3 Rad8 19. Bb2 Rxd1 20. Rxd1 Re8 21. Nxg7 Nxg7 22. Ne1 a5 23. f3 a4 24. Kf2 axb3 25. cxb3 Nf5 26. Nc2  1/2-1/2

[Event "BL 0607 SV Mülheim Nord - TV Tegernsee"]
[Site "?"]
[Date "2007.03.17"]
[Round "12.7"]
[White "Hertneck, Gerald"]
[Black "Sielecki, Christof"]
[Result "1/2-1/2"]
[BlackElo "2391"]
[EventDate "2007.??.??"]
[PlyCount "72"]
[WhiteElo "2520"]

1. d4 d5 2. c4 c6 3. Nf3 Nf6 4. Nc3 dxc4 5. a4 Bf5 6. e3 e6 7. Bxc4 Bb4 8. O-O Nbd7 9. Qe2 Bg4 10. h3 Bxf3 11. Qxf3 O-O 12. Rd1 Rc8 13. e4 e5 14. Na2 Bd6 15. Bg5 exd4 16. Rxd4 Ne5 17. Qb3 Qe7 18. Nc3 Nxc4 19. Rxc4 b6 20. Qc2 Qe6 21. Ne2 b5 22. axb5 cxb5 23. Rxc8 Rxc8 24. Qd3 Nxe4 25. Be3 Nc5 26. Bxc5 Bxc5 27. Qxb5 Bb6 28. Nc3 g6 29. Rd1 Rc5 30. Qd7 Rf5 31. Qxe6 Bxf2+ 32. Kf1 fxe6 33. Rd8+ Kg7 34. Rd7+ Kg8 35. Rd8+ Kg7 36. Rd7+ Kg8  1/2-1/2

[Event "BL 0607 SF Katernberg - SC Eppingen"]
[Site "?"]
[Date "2007.03.17"]
[Round "12.2"]
[White "L'Ami, Erwin"]
[Black "Balogh, Csaba"]
[Result "1/2-1/2"]
[BlackElo "2616"]
[EventDate "2007.??.??"]
[PlyCount "69"]
[WhiteElo "2584"]

1. d4 Nf6 2. c4 e6 3. g3 d5 4. Bg2 dxc4 5. Nf3 Bb4+ 6. Bd2 a5 7. Qc2 Bxd2+ 8. Qxd2 Nc6 9. O-O O-O 10. Rc1 Ne4 11. Qf4 Nd6 12. Nbd2 Nb4 13. Nxc4 Nxc4 14. Rxc4 Bd7 15. a3 Bb5 16. Rc5 Nd5 17. Qd2 c6 18. e3 a4 19. Rac1 h6 20. Ne5 Qe7 21. Nd3 Rfd8 22. Nb4 Nxb4 23. Qxb4 Qd6 24. h4 Rd7 25. h5 Re8 26. Bf1 Bxf1 27. Kxf1 Ra8 28. Qc4 Qc7 29. Kg2 Qd8 30. Qe2 Rd5 31. R1c4 Ra5 32. Rxa5 Rxa5 33. Qf3 Rf5 34. Qe4 Rxh5 35. Rxa4  1/2-1/2

[Event "BL 0607 SF Katernberg - SC Eppingen"]
[Site "?"]
[Date "2007.03.17"]
[Round "12.3"]
[White "Acs, Peter"]
[Black "Chuchelov, Vladimir"]
[Result "0-1"]
[BlackElo "2539"]
[EventDate "2007.??.??"]
[PlyCount "58"]
[WhiteElo "2522"]

1. e4 c5 2. Nf3 d6 3. c3 Nf6 4. Be2 g6 5. O-O Bg7 6. Re1 O-O 7. Bf1 Bg4 8. d3 Nc6 9. Nbd2 e5 10. h3 Be6 11. a4 h6 12. Nc4 Ne8 13. Ne3 Nc7 14. Ng4 Kh7 15. g3 Qd7 16. Ngh2 f5 17. exf5 gxf5 18. Nh4 Qf7 19. f4 Nd5 20. Bg2 Rg8 21. g4 Bf6 22. Nxf5 Bxf5 23. gxf5 Nxf4 24. Bxf4 exf4 25. Qf3 Ne5 26. Qf1 Rxg2+ 27. Kxg2 Rg8+ 28. Kf2 Bh4+ 29. Ke2 Qd5  0-1

[Event "BL 0607 SF Katernberg - SC Eppingen"]
[Site "?"]
[Date "2007.03.17"]
[Round "12.4"]
[White "Glek, Igor V"]
[Black "Meier, Georg"]
[Result "0-1"]
[BlackElo "2484"]
[EventDate "2007.??.??"]
[PlyCount "84"]
[WhiteElo "2538"]

1. e4 e6 2. d4 d5 3. Nc3 dxe4 4. Nxe4 Nd7 5. g3 Be7 6. Bg2 Ngf6 7. Ng5 O-O 8. Ne2 Nd5 9. Nf3 b5 10. O-O Bb7 11. c3 a6 12. Re1 c5 13. dxc5 Bxc5 14. Ned4 Qb6 15. Qc2 Rac8 16. Nb3 Be7 17. Bg5 N7f6 18. Ne5 Rfd8 19. Rad1 h6 20. Bxf6 Bxf6 21. Ng4 Be7 22. Nd4 Nf6 23. Bxb7 Qxb7 24. Qe2 Nxg4 25. Qxg4 b4 26. Rd3 bxc3 27. bxc3 Bf6 28. Red1 Qd5 29. Qe2 Qc4 30. Nb3 Rd5 31. Qf3 Rcd8 32. Rxd5 Rxd5 33. Re1 Bxc3 34. Rc1 Rd3 35. Qa8+ Kh7 36. Qb7 f5 37. Qb6 f4 38. Nc5 Rd2 39. Nxe6 f3 40. Nf4 Qe4 41. Qxa6 Bd4 42. Nh3 Qe2  0-1

[Event "BL 0607 SF Katernberg - SC Eppingen"]
[Site "?"]
[Date "2007.03.17"]
[Round "12.6"]
[White "Senff, Martin"]
[Black "Mann, Christian"]
[Result "1-0"]
[BlackElo "2457"]
[EventDate "2007.??.??"]
[PlyCount "89"]
[WhiteElo "2449"]

1. e4 d5 2. exd5 Qxd5 3. Nc3 Qa5 4. d4 Nf6 5. Nf3 c6 6. Bc4 Bg4 7. h3 Bxf3 8. Qxf3 e6 9. O-O Nbd7 10. Bb3 Be7 11. Ne4 O-O 12. c3 Rfe8 13. Bf4 Nxe4 14. Qxe4 Bf6 15. Rfe1 Qb6 16. Re2 g6 17. Bd6 Be7 18. Bxe7 Rxe7 19. Rae1 Qd8 20. Qf4 Nb6 21. h4 Rd7 22. h5 Nd5 23. Bxd5 Rxd5 24. Re5 Rxe5 25. dxe5 Qe7 26. Rd1 Rd8 27. Rd6 gxh5 28. Qd2 Rxd6 29. exd6 Qd7 30. Qg5+ Kf8 31. Qe5 Kg8 32. Qg5+ Kf8 33. Qe5 Kg8 34. c4 f6 35. Qg3+ Kf8 36. c5 Qf7 37. Qa3 a6 38. Qb3 Qd7 39. Qd1 Kg7 40. Qxh5 b6 41. b4 bxc5 42. bxc5 e5 43. Qh3 Qxh3 44. gxh3 Kf7 45. f4  1-0

[Event "BL 0607 SF Katernberg - SC Eppingen"]
[Site "?"]
[Date "2007.03.17"]
[Round "12.7"]
[White "Rau, Hannes"]
[Black "Siebrecht, Sebastian"]
[Result "1-0"]
[BlackElo "2463"]
[EventDate "2007.??.??"]
[PlyCount "72"]
[WhiteElo "2422"]

1. d4 d5 2. c4 c6 3. Nf3 Nf6 4. e3 e6 5. Bd3 Nbd7 6. O-O Bd6 7. Nbd2 O-O 8. e4 e5 9. cxd5 cxd5 10. Re1 Re8 11. exd5 exd4 12. Ne4 Bb4 13. Nxf6+ Nxf6 14. Rxe8+ Qxe8 15. Qb3 Ba5 16. Bg5 Qd8 17. Nxd4 Bb6 18. Nf3 h6 19. Bh4 Qxd5 20. Bc4 Qh5 21. Re1 Bf5 22. Bxf6 gxf6 23. h3 Rc8 24. Bd3 Bxd3 25. Qxd3 Qc5 26. Re2 Qc1+ 27. Kh2 Rd8 28. Qe4 Rd1 29. Nh4 Rh1+ 30. Kg3 Qg5+ 31. Kf3 Rd1 32. Nf5 Kh7 33. Ne3+ f5 34. Qxf5+ Qxf5+ 35. Nxf5 Rd3+ 36. Ke4 Rd1  1-0

[Event "BL 0607 SF Katernberg - SC Eppingen"]
[Site "?"]
[Date "2007.03.17"]
[Round "12.8"]
[White "Souleidis, Georgios"]
[Black "Vogt, Lothar"]
[Result "1/2-1/2"]
[BlackElo "2479"]
[EventDate "2007.??.??"]
[PlyCount "58"]
[WhiteElo "2407"]

1. e4 c5 2. Nf3 e6 3. d4 cxd4 4. Nxd4 Nf6 5. Nc3 d6 6. g3 Nc6 7. Bg2 Bd7 8. O-O a6 9. a4 Be7 10. Nb3 O-O 11. f4 Na5 12. e5 Ne8 13. Nxa5 Qxa5 14. Be3 Bc6 15. f5 Bxg2 16. Kxg2 dxe5 17. fxe6 Nf6 18. exf7+ Rxf7 19. Qf3 Raf8 20. Qxb7 Bb4 21. Qc6 Bxc3 22. Qxc3 Qxc3 23. bxc3 Rc8 24. Ra3 Rfc7 25. Bd2 Ne4 26. Be1 Nxc3 27. Rf5 Nb1 28. Rb3 Rxc2+ 29. Kh3 Nd2  1/2-1/2

[Event "BL 0607 SC Kreuzberg - SC Eppingen"]
[Site "?"]
[Date "2007.02.25"]
[Round "11.3"]
[White "Postny, Evgeny"]
[Black "Luther, Thomas"]
[Result "1/2-1/2"]
[BlackElo "2594"]
[EventDate "2007.??.??"]
[PlyCount "35"]
[WhiteElo "2609"]

1. d4 e6 2. c4 Nf6 3. Nf3 d5 4. g3 dxc4 5. Bg2 Bb4+ 6. Bd2 a5 7. Qc2 Bxd2+ 8. Qxd2 c6 9. a4 b5 10. axb5 cxb5 11. Qg5 O-O 12. Qxb5 Ba6 13. Qxa5 Bb7 14. Qxd8 Rxa1 15. Qxf8+ Kxf8 16. O-O Ra2 17. Nbd2 Bxf3 18. Nxf3  1/2-1/2

[Event "BL 0607 SC Kreuzberg - SC Eppingen"]
[Site "?"]
[Date "2007.02.25"]
[Round "11.5"]
[White "Braun, Arik"]
[Black "Tischbierek, Raj"]
[Result "1/2-1/2"]
[BlackElo "2486"]
[EventDate "2007.??.??"]
[PlyCount "71"]
[WhiteElo "2525"]

1. d4 Nf6 2. c4 e6 3. Nf3 b6 4. g3 Ba6 5. Qa4 Bb7 6. Bg2 c5 7. dxc5 bxc5 8. O-O Be7 9. Nc3 O-O 10. Rd1 Qb6 11. Bf4 Rd8 12. Rd2 d6 13. Rad1 Ne8 14. e4 Bc6 15. Qc2 Nd7 16. e5 dxe5 17. Nxe5 Nxe5 18. Bxe5 Bxg2 19. Kxg2 Nf6 20. Ne4 Qc6 21. f3 Nxe4 22. Qxe4 Qxe4 23. fxe4 Kf8 24. Kf3 f6 25. Bc7 Rxd2 26. Rxd2 Ke8 27. g4 a5 28. Rd3 e5 29. Ke3 Ra6 30. Kd2 a4 31. Kc2 Kf7 32. a3 Ke6 33. h3 Ra7 34. Bb6 Ra6 35. Bc7 Ra7 36. Bb6  1/2-1/2

[Event "BL 0607 SC Kreuzberg - SC Eppingen"]
[Site "?"]
[Date "2007.02.25"]
[Round "11.6"]
[White "Löffler, Stefan"]
[Black "Meier, Georg"]
[Result "0-1"]
[BlackElo "2484"]
[EventDate "2007.??.??"]
[PlyCount "51"]
[WhiteElo "2448"]

1. d4 e6 2. c4 b6 3. a3 f5 4. g3 Bb7 5. Nf3 Nf6 6. Bg2 g6 7. Nc3 Bg7 8. d5 Na6 9. Bf4 O-O 10. Rc1 Ne4 11. Nxe4 fxe4 12. Ng5 Bxb2 13. Nxe4 Bxa3 14. Bg5 Be7 15. h4 Qe8 16. Bh6 Rf7 17. h5 Nc5 18. Qc2 gxh5 19. Rxh5 Rxf2 20. Ng5 Rf5 21. g4 Qg6 22. Bf3 Re5 23. Nxe6 Qxc2 24. Rxc2 Rxh5 25. gxh5 dxe6 26. e4  0-1

[Event "BL 0607 SC Kreuzberg - SC Eppingen"]
[Site "?"]
[Date "2007.02.25"]
[Round "11.7"]
[White "Medvegy, Zoltan"]
[Black "Richter, Michael"]
[Result "1/2-1/2"]
[BlackElo "2396"]
[EventDate "2007.??.??"]
[PlyCount "59"]
[WhiteElo "2518"]

1. e4 c5 2. Nf3 Nc6 3. d4 cxd4 4. Nxd4 Nf6 5. Nc3 e5 6. Ndb5 d6 7. Bg5 a6 8. Na3 b5 9. Nd5 Be7 10. Bxf6 Bxf6 11. c3 O-O 12. Nc2 Rb8 13. Be2 Bg5 14. Qd3 Be6 15. Rd1 Qd7 16. O-O Ne7 17. Ncb4 a5 18. Nxe7+ Bxe7 19. Nd5 Bd8 20. Kh1 g6 21. Qg3 b4 22. Bc4 bxc3 23. Qxc3 a4 24. b3 axb3 25. axb3 Bxd5 26. Rxd5 Qe7 27. Qd3 Bc7 28. g3 Ra8 29. b4 Bb6 30. Rxd6  1/2-1/2

[Event "BL 0607 SK König-Tegel - TV Tegernsee"]
[Site "?"]
[Date "2007.02.25"]
[Round "11.5"]
[White "Kindermann, Stefan"]
[Black "Von Herman, Ulf"]
[Result "1/2-1/2"]
[BlackElo "2364"]
[EventDate "2007.??.??"]
[PlyCount "107"]
[WhiteElo "2532"]

1. e4 c6 2. d4 d5 3. exd5 cxd5 4. c4 Nf6 5. Nc3 Nc6 6. Bg5 e6 7. Nf3 Be7 8. c5 h6 9. Bf4 Ne4 10. Bd3 Nxc3 11. bxc3 O-O 12. Qd2 Re8 13. O-O b6 14. cxb6 axb6 15. Bxh6 Ba6 16. Bf4 Na5 17. g3 Qc8 18. Ne5 Bxd3 19. Qxd3 Nc4 20. Nxc4 dxc4 21. Qf3 Ra5 22. Rfb1 b5 23. Rb2 Qa8 24. Qxa8 Rexa8 25. Rab1 b4 26. cxb4 Rxa2 27. Rxa2 Rxa2 28. Rc1 Bxb4 29. Rxc4 Bd2 30. Bxd2 Rxd2 31. h4 g6 32. Kg2 Rd3 33. g4 Kg7 34. f3 Rd1 35. Ra4 Kf6 36. Kg3 Rg1+ 37. Kh2 Rd1 38. Kg2 Rd2+ 39. Kg3 Rd1 40. Kf4 Rh1 41. Kg3 Rd1 42. Rb4 Rg1+ 43. Kf4 Rh1 44. g5+ Kg7 45. Kg3 Rg1+ 46. Kf2 Ra1 47. Ke3 Re1+ 48. Kf4 Rh1 49. Kg3 Rg1+ 50. Kf2 Ra1 51. Rb7 Rh1 52. Kg3 Rg1+ 53. Kf4 Rh1 54. Kg3  1/2-1/2

[Event "BL 0607 SK König-Tegel - TV Tegernsee"]
[Site "?"]
[Date "2007.02.25"]
[Round "11.6"]
[White "Sarbok, Torsten"]
[Black "Hertneck, Gerald"]
[Result "0-1"]
[BlackElo "2520"]
[EventDate "2007.??.??"]
[PlyCount "120"]
[WhiteElo "2325"]

1. e4 e6 2. d4 d5 3. Nd2 Nf6 4. e5 Nfd7 5. Bd3 c5 6. c3 Nc6 7. Ne2 cxd4 8. cxd4 f6 9. exf6 Qxf6 10. Nf3 h6 11. O-O Bd6 12. Bc2 O-O 13. Qd3 Rd8 14. Qh7+ Kf7 15. a3 Nf8 16. Qd3 Bd7 17. Ng3 Kg8 18. Bd2 Be8 19. Bc3 Bg6 20. Qe2 Bxc2 21. Qxc2 Ng6 22. Nh5 Qf5 23. Qxf5 exf5 24. Ng3 Nge7 25. Ne2 g5 26. Nc1 f4 27. h3 Nf5 28. Nd3 Re8 29. Rfe1 Re4 30. Nc5 Bxc5 31. dxc5 Rae8 32. Kf1 Kf7 33. Rad1 d4 34. Bd2 Rxe1+ 35. Bxe1 Ke6 36. b4 a6 37. Bd2 Kd5 38. h4 Ne3+ 39. fxe3 fxe3 40. Rc1 g4 41. Bxe3 Rxe3 42. Nd2 Rxa3 43. Nc4 Rb3 44. Nb6+ Ke4 45. Re1+ Kf5 46. Nc4 Rxb4 47. Nd6+ Kf6 48. Kf2 Ne5 49. Ne8+ Kf5 50. Nd6+ Ke6 51. Kg3 Kd5 52. Nf5 Rb3+ 53. Kh2 g3+ 54. Nxg3 Ng4+ 55. Kh3 Ne3 56. Kh2 Rb2 57. Kh3 a5 58. Ra1 Rb3 59. Kh2 d3 60. Rxa5 d2  0-1

[Event "BL 0607 SK König-Tegel - TV Tegernsee"]
[Site "?"]
[Date "2007.02.25"]
[Round "11.7"]
[White "Teske, Henrik"]
[Black "Pachow, Joerg"]
[Result "1-0"]
[BlackElo "2290"]
[EventDate "2007.??.??"]
[PlyCount "57"]
[WhiteElo "2514"]

1. d4 Nf6 2. c4 g6 3. g3 Bg7 4. Bg2 O-O 5. e4 d6 6. Ne2 e5 7. O-O exd4 8. Nxd4 Re8 9. Nc3 Nbd7 10. h3 a6 11. Re1 Rb8 12. a4 Ne5 13. b3 Bd7 14. Be3 Qc8 15. f4 Nc6 16. Kh2 h5 17. Ra2 Nb4 18. Rd2 Re7 19. Bf2 Qe8 20. Rde2 c5 21. e5 dxe5 22. Nf3 e4 23. Bxc5 Ng4+ 24. hxg4 Bxc3 25. Bxe7 Bxe1 26. Rxe4 Bc3 27. Bxb4 Qxe4 28. Qxd7 Bxb4 29. Ne5  1-0

[Event "BL 0607 SK König-Tegel - TV Tegernsee"]
[Site "?"]
[Date "2007.02.25"]
[Round "11.8"]
[White "Teschke, Olaf"]
[Black "Stangl, Markus"]
[Result "1/2-1/2"]
[BlackElo "2468"]
[EventDate "2007.??.??"]
[PlyCount "141"]
[WhiteElo "2265"]

1. e4 c5 2. Nf3 e6 3. d4 cxd4 4. Nxd4 a6 5. Bd3 Nf6 6. O-O d6 7. c4 b6 8. Nc3 Bb7 9. f4 Nbd7 10. f5 e5 11. Nf3 Be7 12. Qc2 O-O 13. Kh1 Rc8 14. Rg1 b5 15. cxb5 axb5 16. Bxb5 Nc5 17. Nd2 d5 18. exd5 Nxd5 19. Nde4 Qb6 20. Nxd5 Bxd5 21. Nc3 Ba8 22. Be3 Qf6 23. Rgf1 Rfd8 24. a4 Nb3 25. Rad1 Rxd1 26. Qxd1 Nd4 27. Bd3 Qb6 28. Qg4 Bf6 29. Nb5 Qa5 30. Qd1 Qb4 31. Nxd4 exd4 32. Bc1 Bd5 33. Bb5 h6 34. Qe1 Qxe1 35. Rxe1 Rc2 36. Bd3 Rxg2 37. Be4 Bxe4 38. Rxe4 Rc2 39. Re1 d3 40. Rd1 d2 41. Bxd2 Rxb2 42. Be3 Ra2 43. Bd4 Rxa4 44. Bxf6 gxf6 45. Kg2 h5 46. Kg3 Rg4+ 47. Kf3 Kg7 48. h3 Rg5 49. Kf4 h4 50. Rd3 Rg1 51. Ra3 Kh6 52. Ra8 Kg7 53. Ra3 Rb1 54. Kg4 Rb4+ 55. Kh5 Rf4 56. Ra5 Kf8 57. Rb5 Ke7 58. Rb7+ Kd6 59. Rxf7 Ke5 60. Kg6 Rxf5 61. Re7+ Kf4 62. Rh7 Ra5 63. Rxh4+ Kg3 64. Rb4 f5 65. h4 f4 66. h5 f3 67. h6 f2 68. Rb1 Re5 69. Rf1 Re1 70. Rxf2 Kxf2 71. h7  1/2-1/2

[Event "BL 0607 OSC Baden Baden - SF Katernberg"]
[Site "?"]
[Date "2007.02.25"]
[Round "11.6"]
[White "Dautov, Rustem"]
[Black "Siebrecht, Sebastian"]
[Result "1-0"]
[BlackElo "2463"]
[EventDate "2007.??.??"]
[PlyCount "91"]
[WhiteElo "2577"]

1. d4 Nf6 2. c4 g6 3. Nf3 Bg7 4. g3 O-O 5. Bg2 d6 6. Nc3 Nbd7 7. O-O e5 8. h3 Re8 9. e4 a6 10. Re1 exd4 11. Nxd4 Rb8 12. Rb1 Ne5 13. b3 Nfd7 14. f4 c5 15. Nde2 Nc6 16. Qxd6 Nd4 17. e5 Bf8 18. Qd5 b5 19. Nxd4 cxd4 20. Ne4 bxc4 21. Ng5 Re7 22. Ba3 Rb5 23. Bxe7 Qxe7 24. Qxc4 Nc5 25. Qxd4 Ne6 26. Nxe6 Bxe6 27. Rbc1 h5 28. h4 Qa3 29. Qa4 Qxa4 30. bxa4 Rb2 31. Red1 Bg4 32. Rd8 Kg7 33. Bd5 Rd2 34. Rc7 Be6 35. Bxe6 Rxd8 36. Bxf7 Rd2 37. Be8+ Kh6 38. Rc6 Rxa2 39. Bxg6 Kg7 40. f5 Re2 41. Rc7+ Kg8 42. Bf7+ Kh8 43. f6 Re1+ 44. Kg2 Re2+ 45. Kh3 Bh6 46. Bg6  1-0

[Event "BL 0607 OSC Baden Baden - SF Katernberg"]
[Site "?"]
[Date "2007.02.25"]
[Round "11.8"]
[White "Doettling, Fabian"]
[Black "Scholz, Christian"]
[Result "1-0"]
[BlackElo "2382"]
[EventDate "2007.??.??"]
[PlyCount "91"]
[WhiteElo "2542"]

1. d4 d5 2. Nf3 Nf6 3. c4 dxc4 4. e3 e6 5. Bxc4 c5 6. O-O a6 7. dxc5 Bxc5 8. Qxd8+ Kxd8 9. Ne5 Ke7 10. Be2 Nbd7 11. Nc4 Rd8 12. Nbd2 Kf8 13. Nb3 Be7 14. Rd1 Nd5 15. Bd2 f5 16. Rac1 Bf6 17. Rc2 b6 18. Bf3 a5 19. Nd4 Bxd4 20. exd4 Ba6 21. Bxd5 exd5 22. Nd6 Nf6 23. Rc6 Bc4 24. b3 Be2 25. Re1 Bd3 26. Bg5 Rab8 27. Bxf6 gxf6 28. Nxf5 Kf7 29. Ree6 Bxf5 30. Rxf6+ Kg7 31. Rxf5 Rbc8 32. Rxc8 Rxc8 33. g4 Rc2 34. Rxd5 Rxa2 35. Rb5 Rd2 36. Rxb6 Rxd4 37. h3 h5 38. f3 h4 39. Rb5 Rd1+ 40. Kf2 Rh1 41. Rxa5 Rxh3 42. Rh5 Rh2+ 43. Kg1 Rh3 44. Kg2 Rg3+ 45. Kf2 Rh3 46. b4  1-0

[Event "BL 0607 SC Bann - SV Mülheim Nord"]
[Site "?"]
[Date "2007.02.25"]
[Round "11.1"]
[White "Tregubov, Pavel V"]
[Black "Laznicka, Viktor"]
[Result "1/2-1/2"]
[BlackElo "2596"]
[EventDate "2007.??.??"]
[PlyCount "88"]
[WhiteElo "2596"]

1. d4 d5 2. c4 c6 3. Nf3 Nf6 4. e3 Bg4 5. h3 Bxf3 6. Qxf3 e6 7. Nc3 Nbd7 8. Bd2 Bd6 9. O-O-O O-O 10. Kb1 a5 11. g4 Bb4 12. g5 Bxc3 13. gxf6 Bxd2 14. fxg7 Kxg7 15. Rxd2 Qf6 16. Qd1 Kh8 17. Bd3 Rg8 18. Qb3 Rab8 19. Qa3 Qd8 20. cxd5 exd5 21. Qd6 Nf6 22. Qe5 Re8 23. Qf4 Qe7 24. f3 Rg8 25. Rdd1 Rbe8 26. Rhg1 Qe6 27. Rxg8+ Rxg8 28. e4 Qe7 29. e5 Ne8 30. Qh6 f6 31. f4 Rg2 32. a3 Kg8 33. Ka2 Kh8 34. Re1 Qf7 35. f5 Rg8 36. Qf4 Qc7 37. Be2 Qe7 38. Bh5 Nd6 39. Re2 Qe8 40. Re1 Qe7 41. Bf3 Rf8 42. Bh5 Rg8 43. Qh6 Ne4 44. Bg6 Rg7  1/2-1/2

[Event "BL 0607 SC Bann - SV Mülheim Nord"]
[Site "?"]
[Date "2007.02.25"]
[Round "11.2"]
[White "Stocek, Jiri"]
[Black "Landa, Konstantin"]
[Result "1-0"]
[BlackElo "2570"]
[EventDate "2007.??.??"]
[PlyCount "155"]
[WhiteElo "2572"]

1. d4 Nf6 2. c4 e6 3. Nf3 d5 4. g3 dxc4 5. Bg2 Bb4+ 6. Bd2 a5 7. Na3 Bxa3 8. Qa4+ b5 9. Qxa3 Bb7 10. Qc5 c6 11. Ne5 Nd5 12. O-O f6 13. Ng4 h5 14. Ne3 Nd7 15. Qd6 Qe7 16. Qxe7+ Kxe7 17. a4 Nxe3 18. Bxe3 b4 19. Rfc1 Nb6 20. d5 Nxd5 21. Bc5+ Kf7 22. Rxc4 Ba6 23. Rc2 Rhd8 24. Bf3 h4 25. Rd1 f5 26. gxh4 Rab8 27. h5 e5 28. Ba7 Rbc8 29. e4 Nf4 30. Rxd8 Rxd8 31. exf5 Rd3 32. Be3 Bb7 33. h4 Kf6 34. Rc5 Nd5 35. Bxd5 Rxd5 36. Rxd5 cxd5 37. Bb6 b3 38. Bxa5 Kxf5 39. Bc7 Ba6 40. f3 d4 41. Kf2 Bc4 42. a5 Ke6 43. Bd8 Kd6 44. Bg5 Kc5 45. Be7+ Kb5 46. Bd6 Kxa5 47. Bxe5 Bf7 48. Bxd4 Bxh5 49. Bxg7 Kb5 50. Ke3 Kc6 51. f4 Kd7 52. Kd4 Ke7 53. Kc3 Bf7 54. h5 Bd5 55. f5 Kf7 56. Kd4 Bf3 57. h6 Kg8 58. Kc4 Bd1 59. Bd4 Bc2 60. f6 Kf7 61. Kc3 Ke6 62. h7 Bxh7 63. Kxb3 Bg8 64. Kc3 Kd5 65. b4 Kc6 66. Kd3 Bf7 67. Ke4 Kd6 68. Kf5 Be8 69. Be5+ Kd5 70. Bc3 Kd6 71. Bd4 Kd5 72. Bc5 Bf7 73. Bf8 Be8 74. Be7 Kc6 75. Ke6 Bd7+ 76. Kf7 Kd5 77. Kg7 Ke6 78. f7  1-0

[Event "BL 0607 SC Bann - SV Mülheim Nord"]
[Site "?"]
[Date "2007.02.25"]
[Round "11.3"]
[White "Levin, Felix"]
[Black "Cvek, Robert"]
[Result "1/2-1/2"]
[BlackElo "2512"]
[EventDate "2007.??.??"]
[PlyCount "93"]
[WhiteElo "2513"]

1. d4 Nf6 2. c4 c5 3. d5 g6 4. Nc3 Bg7 5. e4 d6 6. Bd3 O-O 7. h3 e6 8. Nf3 exd5 9. cxd5 a6 10. a4 Re8 11. O-O Nh5 12. Bg5 Bf6 13. Bh6 Nd7 14. g4 Ng7 15. Qd2 b6 16. Kg2 Ra7 17. Ne2 Rc7 18. Rac1 b5 19. axb5 axb5 20. g5 Be7 21. Bxg7 Kxg7 22. Bxb5 Bf8 23. Ng3 Kg8 24. b3 Rb7 25. Bc4 Bg7 26. h4 Rb4 27. h5 Nb6 28. Rh1 Nxc4 29. bxc4 Ba6 30. Rh4 Rb2 31. Qf4 Qe7 32. Rch1 Rf8 33. Qc1 Rb3 34. e5 Bxe5 35. Nxe5 Qxe5 36. Re1 Qc3 37. Qd1 Qd3 38. Qxd3 Rxd3 39. Ne4 Rd4 40. hxg6 fxg6 41. Nf6+ Rxf6 42. Rxd4 cxd4 43. gxf6 Bxc4 44. Kg3 Kf7 45. Re4 Bxd5 46. Rxd4 Be6 47. Rxd6  1/2-1/2

[Event "BL 0607 SC Bann - SV Mülheim Nord"]
[Site "?"]
[Date "2007.02.25"]
[Round "11.4"]
[White "Slobodjan, Roman"]
[Black "Saltaev, Mihail"]
[Result "1/2-1/2"]
[BlackElo "2512"]
[EventDate "2007.??.??"]
[PlyCount "52"]
[WhiteElo "2525"]

1. d4 d5 2. Nf3 c6 3. Bf4 Bf5 4. e3 e6 5. Be2 Nf6 6. O-O Nbd7 7. h3 Ne4 8. Bh2 Be7 9. c4 O-O 10. Qb3 Qb6 11. Nc3 Rfe8 12. Rfc1 h6 13. Na4 Qxb3 14. axb3 g5 15. Nc3 Bg6 16. Ra2 a6 17. Raa1 Rac8 18. Bd1 Bf8 19. Ne5 Nxe5 20. Bxe5 Bg7 21. Bxg7 Kxg7 22. Na4 Rcd8 23. Bc2 Nd6 24. Bd1 Ne4 25. Bc2 Nd6 26. Bd1 Ne4  1/2-1/2

[Event "BL 0607 SC Bann - SV Mülheim Nord"]
[Site "?"]
[Date "2007.02.25"]
[Round "11.5"]
[White "Hausrath, Daniel"]
[Black "Muraniy, Karl-Jasmin"]
[Result "1/2-1/2"]
[BlackElo "2357"]
[EventDate "2007.??.??"]
[PlyCount "42"]
[WhiteElo "2529"]

1. Nf3 c6 2. g3 Nf6 3. Bg2 d5 4. c4 dxc4 5. O-O Nbd7 6. Qc2 Nb6 7. a4 a5 8. Na3 g6 9. Nxc4 Nxc4 10. Qxc4 Bg7 11. d3 O-O 12. Qh4 Qd7 13. h3 Ra6 14. Be3 Nd5 15. Bh6 f6 16. e4 Nb4 17. d4 g5 18. Qh5 Qe8 19. Qxe8 Rxe8 20. Bxg7 Kxg7 21. Rfd1 Be6  1/2-1/2